00678nam a2200217 a 45000010005000000030008000050050017000130080041000300200015000710350018000860400031001040410008001350820023001431000020001662450081001862600049002673000036003165040052003526500023004046500033004278371BD-RjUL20211208234558.0140118r19681963enkab 000 0 eng d a071315117X a(BD-RjUL)8416 aD2035bengcD2035dBD-RjUL aeng04a526.8028bDIS 19681 aDickinson, G.G.10aStatistical mapping and the presentation of statistics /cby G.C. Dickinson. aLondon :bE. Arnold,c1963 [reprinted 1968]. a160p. :bdiagrs., maps.c26 cm. aIncludes bibliographical references and Index.. 0aMaps, Statistical. 0aStatisticsxGraphic methods.